Представление документа в формате RUSMARC

ПолеНазваниеЗначение
  Тип записи a
  Библиографический уровень m
001 Контрольный номер ffa085325abb439b88646515b9b09d27
005 Дата корректировки 20140618162004.2
010 Индекс ISBN __
a ISBN 978-5-7749-0909-4
d Цена 436.04
101 Язык документа 0_
a Язык текста rus
102 Страна публикации __
a Страна публикации RU
200 Заглавие и сведения об ответственности 1_
a Заглавие Финансовое обоснование стратегических решений в российских корпорациях
b Общее обозначение материала Текст
f Первые сведения об ответственности Е. Н. Лобанова, В. П. Паламарчук, В. Б. Минасян
g Последующие сведения об ответственности Рос. акад. нар. хоз-ва и гос. службы при Президенте РФ
210 Выходные данные 1_
d Дата издания 2014
c Издательство Дело
a Место издания Москва
215 Физическое описание __
a Объем 514, [1] с.
225 Серия 2_
a Серия Экономическая политика: между кризисом и модернизацией
610 Ключевые слова 0_
a Ключевые слова финансовый менеджмент
610 Ключевые слова 0_
a Ключевые слова ценность
610 Ключевые слова 0_
a Ключевые слова управление рисками
610 Ключевые слова 0_
a Ключевые слова стратегический менеджмент
686 Индексы других классификаций __
a Классификационный индекс 65.9(2)26-21
2 Код системы rubbk
686 Индексы других классификаций __
a Классификационный индекс 65.050.9(2)2
2 Код системы rubbk
700 Автор _1
a Фамилия Лобанова
b Имя Е. Н.
g Полное личное имя Елена Николаевна
701 Альтернативная интеллектуальная ответственность _1
a Фамилия Паламарчук
b Имя В. П.
g Полное личное имя Виктор Петрович
701 Альтернативная интеллектуальная ответственность _1
a Фамилия Минасян
b Имя В. Б.
g Полное личное имя Виген Бабкенович
711 Наименование организации. (Альтернативная ответственность) 02
a Организация/ юрисдикция Рос. акад. нар. хоз-ва и гос. службы при Президенте РФ
801 Источник записи _0
a Страна RU
b Организация РУК
c Дата составления 20140423
g Правила каталогизации PSBO
801 Источник записи _1
a Страна RU
b Организация РУК
c Дата составления 20140423
g Правила каталогизации PSBO
852 Данные о местонахождении __
i Авторский знак Л 68
j Шифр хранения ББК 65.9(2)26
901 Тип документа __
t Тип документа m
938 Служебная информация __
a Название организации Головной вуз
b Имя БД BOOK
c Название АИБС АИБС ИРБИС